Statistieken voor Voornamen van Wetenschappers Quiz

Klik hier om de quiz te nemen!

Algemene statistieken

  • Deze quiz is 1.624 keer genomen
  • De gemiddelde score is 7 van 18

Antwoordstatistieken

VoornaamAchternaam% Correct
AlbertEinstein
96%
IsaacNewton
86%
CharlesDarwin
81%
StephenHawking
81%
GalileoGalilei
70%
MarieCurie
65%
LouisPasteur
37%
NielsBohr
30%
MaxPlanck
24%
NicolausCopernicus
22%
PierreCurie
20%
RichardFeynman
18%
GregorMendel
13%
EnricoFermi
12%
WernerHeisenberg
12%
LinusPauling
11%
TychoBrahe
11%
FrancisCrick
10%

Scoreverdeling

Percentiel versus Aantal Correcte Antwoorden

Procent van Mensen met Elke Score

Uw Scoregeschiedenis

U heeft deze quiz nog niet genomen